[Event "Chigorin Memorial 30th"]
[Site "St Petersburg"]
[Date "2023.10.27"]
[Round "7"]
[White "Timoshin, Maxim"]
[Black "Maslovskiy, Vladimir"]
[Result "0-1"]
[WhiteElo "2282"]
[BlackElo "2135"]
[PlyCount "42"]
[EventDate "2023.10.21"]
[EventType "swiss"]
[EventRounds "9"]
[EventCountry "RUS"]
[SourceTitle "Mega2024 Update 01"]
[Source "Chessbase"]
[SourceDate "2023.11.12"]
[SourceVersion "1"]
[SourceVersionDate "2023.11.12"]
[SourceQuality "1"]

1. e4 e5 2. Nf3 Nf6 3. Nxe5 d6 4. Nd3 Nxe4 5. Qe2 Qe7 6. Nf4 Nf6 7. d4 d5 8. Be3 Nbd7 9. Nd2 Nb6 10. f3 h5 11. 0-0-0 Bf5 12. Qf2 0-0-0 13. Bd3 Qd7 14. Qh4 Be7 15. Bxf5 Qxf5 16. Qh3 Ng4 17. Nf1 Bg5 18. fxg4 hxg4 19. Qg3 Bh4 20. Nxd5 Nxd5 21. Qe5 Qg6 0-1

[Event "Cheliabinsk Panchenko Memorial op-A"]
[Site "Cheliabinsk"]
[Date "2023.09.14"]
[Round "4"]
[White "Remizov, Yaroslav"]
[Black "Timoshin, Maxim"]
[Result "1/2-1/2"]
[WhiteElo "2440"]
[BlackElo "2294"]
[PlyCount "222"]
[EventDate "2023.09.11"]
[EventType "swiss"]
[EventRounds "10"]
[EventCountry "RUS"]
[SourceTitle "EXT 2024"]
[Source "ChessBase"]
[SourceDate "2023.10.10"]
[SourceVersion "1"]
[SourceVersionDate "2023.10.10"]
[SourceQuality "1"]

1. d4 Nf6 2. c4 e6 3. Nf3 d5 4. g3 dxc4 5. Bg2 a6 6. 0-0 b5 7. Ne5 Nd5 8. e4 Nf6 9. a4 Bb7 10. axb5 axb5 11. Rxa8 Bxa8 12. Nc3 c6 13. d5 Be7 14. dxe6 fxe6 15. Qe2 0-0 16. Bh3 Kh8 17. Bxe6 Qe8 18. Rd1 Bb7 19. Be3 Na6 20. Qf1 Bc8 21. Qh3 Bxe6 22. Qxe6 Bb4 23. Qxe8 Rxe8 24. Nxc6 Bxc3 25. bxc3 Nxe4 26. Rd7 Nxc3 27. Kf1 Ne4 28. Ra7 Nb8 29. Ra8 b4 30. Nxb4 Nf6 31. Nc2 Nbd7 32. Rxe8+ Nxe8 33. Na3 Ne5 34. f4 Ng4 35. Bg1 Nd6 36. Ke2 Kg8 37. Kf3 h5 38. h3 Nf6 39. Bd4 Kf7 40. Be5 Ke6 41. Bxd6 Kxd6 42. Nxc4+ Ke6 43. Ne5 Kf5 44. Nc4 g6 45. Nd6+ Ke6 46. Ne4 Nd5 47. Ng5+ Kf5 48. Nf7 Ke6 49. Ng5+ Kf5 50. Ne4 Ne7 51. Nc3 g5 52. Ne2 Kg6 53. Ke4 Kf6 54. Nc3 Nf5 55. Nd5+ Kg6 56. Kf3 Nd4+ 57. Ke3 Nf5+ 58. Kf2 Nd6 59. Kf3 Nf5 60. Ne3 Nd6 61. fxg5 Kxg5 62. h4+ Kg6 63. Kf4 Kf6 64. Nd5+ Kg6 65. Ke5 Nc4+ 66. Ke6 Nd2 67. Ne7+ Kh6 68. Kf7 Kh7 69. Nd5 Kh6 70. Ne7 Kh7 71. Nd5 Kh6 72. Nf6 Nf1 73. Ne4 Kh7 74. Kf6 Kh6 75. Kf5 Ne3+ 76. Kf4 Nf1 77. Nd6 Kg6 78. Nc4 Kf6 79. Nd6 Kg6 80. Ne4 Nh2 81. Nc3 Nf1 82. Ne2 Nd2 83. Ke5 Nf1 84. Ke6 Nd2 85. Nf4+ Kh6 86. Kf5 Nf1 87. Ne2 Ne3+ 88. Kf4 Nf1 89. Kf5 Ne3+ 90. Ke4 Nf1 91. Kf4 Kg6 92. Nd4 Kf6 93. Nf3 Kg6 94. Ne5+ Kf6 95. Nc4 Kg6 96. Nd6 Kf6 97. Ne4+ Kg6 98. Nc3 Kf6 99. Ne2 Kg6 100. Ke5 Ne3 101. Nf4+ Kh6 102. Kf6 Nf1 103. Ne2 Nd2 104. Ke6 Kg6 105. Ke5 Nf1 106. Kf4 Nd2 107. Nc3 Nf1 108. Nd5 Nd2 109. Ke5 Nf1 110. Ne7+ Kf7 111. Nf5 Nd2 1/2-1/2

[Event "St Petersburg Korchnoi Memorial op"]
[Site "St Petersburg"]
[Date "2023.08.24"]
[Round "9"]
[White "Timoshin, Maxim"]
[Black "Samoilov, Andrey"]
[Result "1-0"]
[WhiteElo "2304"]
[BlackElo "1936"]
[PlyCount "53"]
[EventDate "2023.08.18"]
[EventType "swiss"]
[EventRounds "9"]
[EventCountry "RUS"]
[SourceTitle "EXT 2024"]
[Source "ChessBase"]
[SourceDate "2023.10.10"]
[SourceVersion "1"]
[SourceVersionDate "2023.10.10"]
[SourceQuality "1"]

1. e4 e5 2. Nf3 Nc6 3. Bc4 Bc5 4. c3 Nf6 5. d3 0-0 6. 0-0 d5 7. exd5 Nxd5 8. a4 a5 9. Nbd2 Nb6 10. Bb5 Re8 11. Re1 f6 12. Ne4 Bf8 13. d4 Bg4 14. dxe5 Bxf3 15. Qxf3 Nxe5 16. Qg3 c6 17. Bf1 Ng6 18. f3 f5 19. Bg5 Qd5 20. Rad1 Qb3 21. Nd6 Bxd6 22. Qxd6 Rxe1 23. Rxe1 Nxa4 24. Bd8 h6 25. Qxg6 Rxd8 26. Re7 Qb6+ 27. Kh1 1-0

[Event "St Petersburg Korchnoi Memorial op"]
[Site "St Petersburg"]
[Date "2023.08.18"]
[Round "1"]
[White "Timoshin, Maxim"]
[Black "Demchenko, Maksim Dm"]
[Result "1-0"]
[WhiteElo "2304"]
[BlackElo "1736"]
[PlyCount "119"]
[EventDate "2023.08.18"]
[EventType "swiss"]
[EventRounds "9"]
[EventCountry "RUS"]
[SourceTitle "EXT 2024"]
[Source "ChessBase"]
[SourceDate "2023.10.10"]
[SourceVersion "1"]
[SourceVersionDate "2023.10.10"]
[SourceQuality "1"]

1. e4 c6 2. d4 d5 3. Nc3 dxe4 4. Nxe4 Nf6 5. Nxf6+ exf6 6. c3 Bd6 7. Bd3 0-0 8. Qc2 Re8+ 9. Ne2 h5 10. 0-0 h4 11. Nf4 Nd7 12. Qd1 Nf8 13. Qh5 f5 14. Bc4 Qf6 15. Nh3 Be6 16. Bxe6 Nxe6 17. Bg5 Nxg5 18. Nxg5 Qg6 19. Qxg6 fxg6 20. Rfe1 Be7 21. Nf3 Bf6 22. Rxe8+ Rxe8 23. Re1 Rxe1+ 24. Nxe1 Kf7 25. f3 g5 26. Nc2 Ke6 27. Kf2 g6 28. Ke3 Be7 29. h3 Bd6 30. a4 Bf4+ 31. Kd3 Kd6 32. Ne3 Bg3 33. b4 Ke6 34. c4 Bc7 35. c5 a6 36. Kc4 b5+ 37. cxb6 Bxb6 38. Kd3 Bc7 39. Nd1 Bg3 40. Kc4 Bd6 41. Nf2 Kf6 42. a5 Bb8 43. Nd3 g4 44. fxg4 fxg4 45. hxg4 Kg5 46. Ne5 Kf4 47. g5 Bd6 48. Nxc6 Kg3 49. b5 axb5+ 50. Kxb5 Kxg2 51. a6 h3 52. a7 h2 53. a8Q h1Q 54. Ne5+ Kh2 55. Qxh1+ Kxh1 56. Nxg6 Kg2 57. Nh4+ Kh3 58. g6 Bf8 59. d5 Kxh4 60. d6 1-0

[Event "Cheliabinsk Lozovatsky Memorial-A"]
[Site "Cheliabinsk"]
[Date "2023.02.03"]
[Round "8"]
[White "Gabrielian, Artur"]
[Black "Timoshin, Maxim"]
[Result "1-0"]
[WhiteElo "2469"]
[BlackElo "2126"]
[PlyCount "155"]
[EventDate "2023.01.27"]
[EventType "swiss"]
[EventRounds "10"]
[EventCountry "RUS"]
[SourceTitle "CBM 212 Extra"]
[Source "ChessBase"]
[SourceDate "2023.03.31"]
[SourceVersion "1"]
[SourceVersionDate "2023.03.31"]
[SourceQuality "1"]

1. e4 c5 2. Nf3 d6 3. d4 cxd4 4. Nxd4 Nf6 5. Nc3 Nc6 6. Bg5 e6 7. Qd2 a6 8. 0-0-0 Bd7 9. f3 Be7 10. Kb1 Nxd4 11. Qxd4 Qc7 12. g4 h5 13. gxh5 Qc5 14. Qd2 Nxh5 15. Bxe7 Kxe7 16. Rg1 Rad8 17. Rg5 Qc7 18. f4 Bc6 19. f5 e5 20. Bc4 Rh7 21. Rdg1 Rdh8 22. a3 Kf8 23. h4 Nf6 24. Qg2 Ne8 25. h5 f6 26. Rg3 Rxh5 27. Qf3 Rh2 28. Qd3 Rh1 29. Rxh1 Rxh1+ 30. Ka2 Qb6 31. Rh3 Qg1 32. Rxh1 Qxh1 33. Nd5 Qg2 34. Bb3 Qf2 35. c3 Qc5 36. Qh3 Bxd5 37. Bxd5 Qc7 38. b4 b5 39. Kb3 Ke7 40. Qe3 Kd8 41. Qg1 Qb8 42. c4 bxc4+ 43. Bxc4 Qb7 44. Bd5 Qb5 45. Bc4 Qb7 46. Qe3 Nc7 47. a4 a5 48. b5 Na6 49. Bd5 Qb8 50. Qg1 Nc5+ 51. Ka3 Qa7 52. Bc6 Qf7 53. Bd5 Qh5 54. Qe1 Qf3+ 55. Ka2 Qg2+ 56. Kb1 Qb2+ 57. Kxb2 Nd3+ 58. Kc3 Nxe1 59. b6 Nf3 60. Kc4 Nd4 61. Be6 g5 62. Kd5 Nc2 63. Kxd6 Nb4 64. b7 Na6 65. Bc4 Nb8 66. Be2 Nd7 67. Bd1 Nb8 68. Ke6 Nd7 69. Be2 Kc7 70. b8Q+ Nxb8 71. Kxf6 Kd6 72. Kxg5 Nd7 73. f6 Nc5 74. Kg6 Ne6 75. Bc4 Nc5 76. f7 Nd7 77. Kg7 Ke7 78. Be2 1-0

[Event "Cheliabinsk Lozovatsky Memorial-A"]
[Site "Cheliabinsk"]
[Date "2023.02.02"]
[Round "7"]
[White "Timoshin, Maxim"]
[Black "Averin, Nikolay"]
[Result "1-0"]
[WhiteElo "2126"]
[BlackElo "2323"]
[PlyCount "141"]
[EventDate "2023.01.27"]
[EventType "swiss"]
[EventRounds "10"]
[EventCountry "RUS"]
[SourceTitle "CBM 212 Extra"]
[Source "ChessBase"]
[SourceDate "2023.03.31"]
[SourceVersion "1"]
[SourceVersionDate "2023.03.31"]
[SourceQuality "1"]

1. e4 c5 2. c3 Nf6 3. e5 Nd5 4. d4 cxd4 5. Nf3 Nc6 6. Bc4 Nb6 7. Bb3 g6 8. Ng5 d5 9. exd6 e6 10. Qf3 f6 11. Nxe6 Bxe6 12. Bxe6 Bxd6 13. Qh3 f5 14. 0-0 Qf6 15. Bb3 0-0-0 16. Nd2 dxc3 17. bxc3 Kb8 18. Nf3 Ne5 19. Be3 Nxf3+ 20. Qxf3 Qxc3 21. Rad1 Qc6 22. Qxc6 bxc6 23. Bg5 Kc7 24. Bxd8+ Rxd8 25. Rfe1 c5 26. Kf1 Kc6 27. Rc1 Kb5 28. Bd1 c4 29. Be2 Kc5 30. Red1 Re8 31. Rc2 Re4 32. a4 a5 33. g3 Rd4 34. Rb1 Nxa4 35. Ra2 c3 36. Rb5+ Kc6 37. Rxa5 Nb2 38. Ra1 Bb4 39. Bf3+ Kb6 40. Rd5 Bc5 41. Rc1 Rc4 42. Rd7 Bb4 43. Rb7+ Kc5 44. Be2 Rd4 45. Rxh7 Nd3 46. Rd1 Nb2 47. Rc1 Nd3 48. Rb1 Nb2 49. Rh8 Rd6 50. Rc8+ Rc6 51. Rxc6+ Kxc6 52. Bd1 Kd5 53. Bb3+ Ke5 54. Ke2 Bc5 55. Ra1 Kf6 56. f4 Kg7 57. Ra6 Bd4 58. Rc6 Bf6 59. h3 Bd4 60. g4 fxg4 61. hxg4 g5 62. f5 Bf6 63. Rc7+ Kh8 64. Ke3 Be5 65. Rc8+ Kh7 66. Ke4 Bf6 67. Bc2 Kg7 68. Kd5 Kf7 69. Rc7+ Kf8 70. Ke6 Bd4 71. f6 1-0

[Event "Cheliabinsk Lozovatsky Memorial-A"]
[Site "Cheliabinsk"]
[Date "2023.02.01"]
[Round "6"]
[White "Kamalidenova, Meruert"]
[Black "Timoshin, Maxim"]
[Result "0-1"]
[WhiteElo "2373"]
[BlackElo "2126"]
[PlyCount "120"]
[EventDate "2023.01.27"]
[EventType "swiss"]
[EventRounds "10"]
[EventCountry "RUS"]
[SourceTitle "CBM 212 Extra"]
[Source "ChessBase"]
[SourceDate "2023.03.31"]
[SourceVersion "1"]
[SourceVersionDate "2023.03.31"]
[SourceQuality "1"]

1. e4 c5 2. Nf3 d6 3. Bb5+ Bd7 4. Bxd7+ Qxd7 5. c4 Nc6 6. Nc3 Nf6 7. d4 cxd4 8. Nxd4 g6 9. f3 Bg7 10. Be3 0-0 11. 0-0 a6 12. a4 e6 13. b3 Rfd8 14. Qd2 d5 15. cxd5 exd5 16. Nxc6 bxc6 17. e5 Ne8 18. Bd4 Rab8 19. Rab1 Qf5 20. f4 f6 21. b4 fxe5 22. fxe5 Qe6 23. Rfe1 Nc7 24. a5 Rf8 25. Na4 Rbe8 26. Rbc1 Rf5 27. Nc5 Qc8 28. Nd3 Nb5 29. Bb2 d4 30. Rc5 Re6 31. h3 Qe8 32. Qe2 Bh6 33. Qe4 Bd2 34. Re2 Nc3 35. Bxc3 dxc3 36. Rf2 Rxf2 37. Nxf2 Qe7 38. Nd3 Qd7 39. Kh2 Kg7 40. Qc4 Qf7 41. Qd4 h5 42. Qe4 Qf1 43. Rc4 g5 44. h4 gxh4 45. Rd4 Rg6 46. Rd7+ Kh6 47. Rd6 Rxd6 48. exd6 Bg5 49. d7 Qf6 50. Kg1 Kg7 51. Nc5 c2 52. Ne6+ Qxe6 53. Qxe6 c1Q+ 54. Kf2 Qb2+ 55. Kg1 Qa1+ 56. Kh2 Bf4+ 57. g3 Bxg3+ 58. Kg2 Qb2+ 59. Kf3 Qf2+ 60. Ke4 Qe2+ 0-1